Statistics for Name the Years of the 20th Century Quiz

Click here to take the quiz!

General Stats

  • This quiz has been taken 588 times
    (570 since last reset)
  • The average score is 18 of 20

Answer Stats

EventYear% Correct
Ending of the Second World War1945
100%
The first man on the moon1969
98%
John Kennedy is assassinated1963
97%
Beginning of the World War1914
96%
Berlin Wall falls1989
96%
The Titanic sinks1912
94%
Start of the Great depression1929
92%
Chernobyl nuclear accident1986
91%
Argentina invades the Falklands Islands1982
90%
First airplane flight by the Wright brothers1903
89%
The currency Euro is introduced1999
89%
Queen Elizabeth II becomes monarch of the Commonwealth1952
87%
The apartheid in South Africa ends1994
86%
Hong Kong becomes apart of China1997
85%
Invention of the World Wide Web1990
82%
Empire State Building is opened1931
78%
DNA is discovered1953
77%
Mount Everest is climbed Hillary and Norgay1953
77%
Birth of the first test-tube baby1978
77%
Alexander Fleming discovers pennicillin1928
74%

Score Distribution

Percentile by Number Answered

Percent of People with Each Score

Your Score History

You have not taken this quiz since the last reset